[Event "Prague Metro"]
[Site "Prague"]
[Date "1982.08.15"]
[Round "8"]
[White "Dolezal, Martin"]
[Black "Antonov, Lyudmil"]
[Result "1-0"]
[WhiteElo "2200"]
[BlackElo "2205"]
[PlyCount "103"]
[EventDate "1982.08.08"]
[EventType "tourn"]
[EventRounds "13"]
[EventCountry "CSR"]
[SourceTitle "EXT 2020"]
[Source "ChessBase"]
[SourceDate "2019.10.17"]
[SourceVersion "1"]
[SourceVersionDate "2019.10.17"]
[SourceQuality "1"]

1. d4 Nf6 2. Nf3 d6 3. c4 g6 4. Nc3 Bg7 5. e4 0-0 6. Be2 c5 7. 0-0 Nbd7 8. Qc2 b6 9. d5 Ne8 10. Bf4 Nc7 11. Bd3 a6 12. Rae1 Ne5 13. Nxe5 dxe5 14. Bg3 Qd6 15. f4 Bd7 16. Qd2 b5 17. fxe5 Bxe5 18. Bxe5 Qxe5 19. Qf4 Qd4+ 20. Kh1 Ne8 21. Rd1 b4 22. Ne2 Qxb2 23. e5 Ng7 24. Rd2 Qa3 25. Rf3 Qa5 26. Ng3 f5 27. e6 Be8 28. h4 Qd8 29. h5 Qb8 30. h6 Qxf4 31. Rxf4 Nh5 32. Nxh5 gxh5 33. Bxf5 Bg6 34. Rdf2 Bxf5 35. Rxf5 Rxf5 36. Rxf5 a5 37. Rg5+ Kh8 38. Rf5 a4 39. Rf3 Kg8 40. Rg3+ Kh8 41. Rd3 Rd8 42. Kh2 Kg8 43. Rg3+ Kf8 44. Rf3+ Kg8 45. Rg3+ Kf8 46. Rg7 b3 47. axb3 axb3 48. Rxh7 Kg8 49. Rg7+ Kh8 50. Rxe7 Rb8 51. Rf7 b2 52. Rf1 1-0

[Event "Prague Metro"]
[Site "Prague"]
[Date "1982.08.09"]
[Round "2"]
[White "Antonov, Lyudmil"]
[Black "Reznicek, Jan"]
[Result "1/2-1/2"]
[WhiteElo "2205"]
[BlackElo "2280"]
[PlyCount "32"]
[EventDate "1982.08.08"]
[EventType "tourn"]
[EventRounds "13"]
[EventCountry "CSR"]
[SourceTitle "EXT 2020"]
[Source "ChessBase"]
[SourceDate "2019.10.17"]
[SourceVersion "1"]
[SourceVersionDate "2019.10.17"]
[SourceQuality "1"]

1. e4 d6 2. c4 g6 3. Ne2 Bg7 4. d4 Nf6 5. Nbc3 0-0 6. f3 Nc6 7. Be3 a6 8. Qd2 Re8 9. Rc1 Bd7 10. Nd1 e5 11. d5 Ne7 12. b4 c6 13. Nec3 Nh5 14. dxc6 Nxc6 15. Nd5 Nd4 16. Bd3 Rc8 1/2-1/2

[Event "Albena-07"]
[Site "Albena"]
[Date "1975.09.??"]
[Round "8"]
[White "Antonov, Lyudmil"]
[Black "Mestrovic, Zvonimir"]
[Result "0-1"]
[WhiteElo "2360"]
[BlackElo "2385"]
[PlyCount "90"]
[EventDate "1975.09.01"]
[EventType "tourn"]
[EventRounds "13"]
[EventCountry "BUL"]
[EventCategory "7"]
[SourceTitle "EXT 2022"]
[Source "ChessBase"]
[SourceDate "2021.10.06"]
[SourceVersion "1"]
[SourceVersionDate "2021.10.06"]
[SourceQuality "1"]

1. d4 Nf6 2. c4 g6 3. Nc3 Bg7 4. e4 d6 5. Be2 0-0 6. Nf3 e5 7. d5 a5 8. h3 Na6 9. Bg5 Nc5 10. Qc2 Bd7 11. Nd2 Qe8 12. Bxf6 Bxf6 13. Bg4 Bg5 14. Bxd7 Qxd7 15. Nb3 Na6 16. Qe2 a4 17. Nc1 Bxc1 18. Rxc1 f5 19. 0-0 Nc5 20. f3 Qe7 21. Rc2 Rf7 22. Rb1 Qh4 23. b4 axb3 24. axb3 fxe4 25. Nxe4 Nxe4 26. Qxe4 Rf4 27. Qe1 Qg5 28. Kh2 Qf5 29. Re2 Rd4 30. Re4 Rxe4 31. Qxe4 Ra2 32. Re1 Rb2 33. Qxf5 gxf5 34. Re3 Kf7 35. h4 h5 36. Kh3 Rb1 37. g3 Kf6 38. f4 Rb2 39. Rc3 b6 40. Rf3 e4 41. Rc3 Ke7 42. Re3 Kd7 43. Rc3 Rd2 44. b4 b5 45. cxb5 Rxd5 0-1

[Event "Albena-07"]
[Site "Albena"]
[Date "1975.09.??"]
[Round "6"]
[White "Antonov, Lyudmil"]
[Black "Spassov, Liuben"]
[Result "0-1"]
[WhiteElo "2360"]
[BlackElo "2430"]
[PlyCount "54"]
[EventDate "1975.09.01"]
[EventType "tourn"]
[EventRounds "13"]
[EventCountry "BUL"]
[EventCategory "7"]
[SourceTitle "EXT 2022"]
[Source "ChessBase"]
[SourceDate "2021.10.06"]
[SourceVersion "1"]
[SourceVersionDate "2021.10.06"]
[SourceQuality "1"]

1. d4 Nf6 2. c4 g6 3. Nc3 Bg7 4. e4 d6 5. Be2 0-0 6. Nf3 Nbd7 7. 0-0 e5 8. d5 Nc5 9. Qc2 a5 10. Bg5 h6 11. Bxf6 Qxf6 12. Nd2 b6 13. b3 Qe7 14. a3 f5 15. f3 h5 16. b4 Nb7 17. Rfe1 Bh6 18. Bf1 Qh4 19. g3 Qg5 20. Nb3 a4 21. Nxa4 Rxa4 22. Na5 Rxa5 23. bxa5 Nxa5 24. Kg2 fxe4 25. fxe4 Bg4 26. h4 Qd2+ 27. Qxd2 Bxd2 0-1